000 00236nam a22001097a 4500
041 _aENG
245 _aHari khad ke liye Dhencha ki kheti
260 _aDelhi
_bICER
_c1986
300 _a06
650 _aGAE ( 37 )
856 _uGAE ( 37 )
999 _c2630
_d2630